000
003190000a22001570004500
003
MACL
040
_a
MACL
090
_c
7076
_d
7075
100
_a
Parthasarathy, R.
245
_a
Ramanujacharya
260
_b
Natioal Book Trust
_c
1969
350
_a
2
650
_a
Biography
942
_c
BOOK
_k
920
951
_o
920 BOOK
999
_c
7029
_d
7029